Normale Ansicht MARC-Ansicht ISBD

Cerilebi (Titelsatznr. 73983)

[ MARC ]
MARC-Details
000 -Satzkennung
Kontrollfeld mit fester Länge 00864nam a22003013u 4500
001 - Kontrollnummer
Kontrollfeld DHIM2026032313570049
003 - Kontrollnummer Identifier
Kontrollfeld RU-10907106
005 - Datum und Zeit der letzten Transaktion
Kontrollfeld 20260323140052.0
007 - Feld mit fester Länge zur physischen Beschreibung - Allgemeine Information
Kontrollfeld mit fester Länge tu
008 - Feld mit fester Länge zur physischen Beschreibung - Allgemeine Angaben
Kontrollfeld mit fester Länge 260323s2010 gau ||| ||| 000 0 geo d
020 ## - Internationale Standardbuchnummer
Verknüpfung 978-9941-18-006-4
Internationale Standardbuchnummer 9789941180064
040 ## - Katalogisierungsquelle
Original-Katalogisierungsstelle RU-10907106
Katalogisierungssprache ger
Übertragungsstelle RU-10907106
041 ## - Sprachcode
Sprachcode des Textes/der Tonspur oder des separaten Titels geo
100 1# - Haupteintragung - Personenname
Funktionsbezeichnungscode aut
Personenname Gogebašvili, Iakob
Koha-Normdatenidentnummer 68921
245 #0 - Titel
Titel Cerilebi
264 #1 - Produktion, Veröffentlichung, Distribution, Herstellung und Urheberrechtsvermerk
Herstellungs-, Veröffentlichungs- Vertriebs-, Erzeugungsort Tbilisi
Produzent, Herausgeber, Distributor, Hersteller Ilia State University Press
Datum der Herstellung, der Veröffentlichung, des Vertriebs oder des Urheberschutzvermerks 2010
300 ## - Physische Beschreibung
Umfang 97 Seiten
336 ## - Inhaltstyp
Quelle rdacontent
Inhaltstypterm Text
Inhaltstypcode txt
337 ## - Medientyp
Quelle rdamedia
Bezeichnung des Medientyps Ohne Hilfsmittel zu benutzen
Medientypcode n
338 ## - Datenträgertyp
Quelle rdacarrier
Datenträgertypbezeichnung Band
Datenträgertypcode nc
490 0# - Gesamttitelangabe
Gesamttitelangabe Seria ilias bibliot̕eka
Bandnummer/Folgebezeichnung 9
600 ## - Nebeneintragung unter einem Schlagwort - Personenname
Personenname Gogebašvili, Iakob
Koha-Normdatenidentnummer 68921
650 ## - Nebeneintragung unter einem Schlagwort - Sachschlagwort
Sachschlagwort oder geografischer Name als Eintragungselement Briefsammlung
Koha-Normdatenidentnummer 2111
650 ## - Nebeneintragung unter einem Schlagwort - Sachschlagwort
Sachschlagwort oder geografischer Name als Eintragungselement Alphabetisierung
Koha-Normdatenidentnummer 13471
650 ## - Nebeneintragung unter einem Schlagwort - Sachschlagwort
Sachschlagwort oder geografischer Name als Eintragungselement Bildungspolitik
651 ## - Nebeneintragung unter einem Schlagwort - Geografischer Name
Geografischer Name Georgien
942 ## - Zusätzliche Felder (Koha)
Klassifikation oder Aufstellungssystematik Andere/Generische Klassifikation
Koha-Medientyp Monographien
Exemplare
Ausgeschieden Verloren Klassifikation oder Aufstellungssystematik Beschädigt Nicht entleihbar Heimatbibliothek Aufenthaltsbibliothek Erwerbungsdatum Inventarnummer Barcode Letzte Aktivität Preis gültig von Koha-Medientyp
    Andere/Generische Klassifikation     MWN Osteuropa MWS-Büro Georgien 23/03/2026 26-00160 76917 23/03/2026 23/03/2026 Monographien